[Event "XVII Profigaia Open 2017"]
[Site "Gaia"]
[Date "2017.06.15"]
[Round "3"]
[White "Marques Montolio, Luis"]
[Black "Pipiras, Filipa Fortuna"]
[Result "1/2-1/2"]
[WhiteElo "1596"]
[BlackElo "1641"]
[Annotator "NA"]
[PlyCount "141"]
[EventDate "2017.??.??"]
[EventType "swiss"]
[EventCountry "POR"]
[SourceTitle "playchess.com"]
[Source "ChessBase"]
[SourceQuality "1"]
[TimeControl "5400+30"]

1. e4 {[%emt 0:00:00]} e5 {[%emt 0:02:36]} 2. Nf3 Nc6 {[%emt 0:00:23]} 3. Bb5 {[%emt 0:00:38]} a6 {[%emt 0:00:16]} 4. Ba4 {[%emt 0:01:42]} Nf6 {[%emt 0:00:22]} 5. d3 {[%emt 0:01:07]} b5 {[%emt 0:00:22]} 6. Bb3 {[%emt 0:00:52]} Be7 {[%emt 0:00:19]} 7. Nc3 {[%emt 0:00:56]} O-O {[%emt 0:00:24]} 8. O-O {[%emt 0:00:45]} d6 {[%emt 0:00:17]} 9. a3 {[%emt 0:01:19]} Bg4 {[%emt 0:00:55]} 10. h3 {[%emt 0:01:49]} Bh5 {[%emt 0:00:53]} 11. Nd5 {[%emt 0:01:05]} Nd4 {[%emt 0:00:34]} 12. Nxf6+ {[%emt 0:00:55]} Bxf6 {[%emt 0:00:10]} 13. g4 {[%emt 0:00:07]} Nxf3+ {[%emt 0:00:43]} 14. Qxf3 {[%emt 0:01:26]} Bg6 {[%emt 0:00:14]} 15. Re1 {[%emt 0:01:15]} Bg5 {[%emt 0:03:32]} 16. Kh2 {[%emt 0:02:19]} Kh8 {[%emt 0:02:51]} 17. Bxg5 {[%emt 0:04:04]} Qxg5 {[%emt 0:00:15]} 18. Qe3 {[%emt 0:00:53]} Qh4 {[%emt 0:01:12]} 19. Rf1 {[%emt 0:00:58]} h5 20. Qg3 {[%emt 0:01:24]} Qf6 {[%emt 0:13:45]} 21. Rae1 {[%emt 0:06:21]} h4 {[%emt 0:01:11]} 22. Qe3 {[%emt 0:00:15]} Bh7 {[%emt 0:00:19]} 23. f3 {[%emt 0:05:57]} g5 {[%emt 0:00:46]} 24. Re2 {[%emt 0:02:52]} Qd8 {[%emt 0:02:58]} 25. Qd2 {[%emt 0:03:57]} c6 {[%emt 0:02:21]} 26. Qc3 {[%emt 0:03:01]} Rc8 {[%emt 0:00:20]} 27. Ba2 {[%emt 0:00:52]} Qd7 {[%emt 0:00:35]} 28. Qa5 {[%emt 0:00:58]} f6 {[%emt 0:03:04]} 29. Qxa6 {[%emt 0:01:51]} Ra8 {[%emt 0:00:10]} 30. Qb6 {[%emt 0:00:29]} c5 {[%emt 0:00:10]} 31. Bd5 {[%emt 0:01:49]} Rfb8 {[%emt 0:00:41]} 32. Qc6 {[%emt 0:00:21]} Qd8 {[%emt 0:00:39]} 33. Be6 {[%emt 0:00:46]} Qe7 {[%emt 0:04:44]} 34. Qd7 {[%emt 0:02:10]} Qf8 {[%emt 0:00:34]} 35. Qf7 {[%emt 0:00:24]} Qd8 {[%emt 0:00:45]} 36. Qd7 {[%emt 0:00:32]} Qxd7 {[%emt 0:18:31]} 37. Bxd7 {[%emt 0:00:14]} Bg8 {[%emt 0:00:15]} 38. Rc1 {[%emt 0:01:49]} Ra7 {[%emt 0:00:36]} 39. Bf5 {[%emt 0:00:05]} b4 {[%emt 0:00:12]} 40. axb4 {[%emt 0:00:54]} Rxb4 {[%emt 0:01:05]} 41. b3 {[%emt 0:00:23]} Ra2 {[%emt 0:00:14]} 42. Rce1 {[%emt 0:01:03]} Rb8 {[%emt 0:00:54]} 43. Bd7 {[%emt 0:00:57]} Kg7 {[%emt 0:00:32]} 44. Bc6 {[%emt 0:00:46]} Kf8 {[%emt 0:00:24]} 45. Kg1 {[%emt 0:00:12]} Ke7 {[%emt 0:00:08]} 46. Kf1 {[%emt 0:00:28]} Kd8 {[%emt 0:00:42]} 47. Rc1 {[%emt 0:01:10]} Kc7 {[%emt 0:01:05]} 48. Ba4 {[%emt 0:00:46]} c4 {[%emt 0:02:44]} 49. dxc4 {[%emt 0:00:58]} Bxc4 {[%emt 0:00:12]} 50. bxc4 {[%emt 0:00:48]} Rxa4 51. Rd2 {[%emt 0:00:49]} Rxc4 {[%emt 0:01:11]} 52. Ke1 {[%emt 0:00:21]} Rb2 {[%emt 0:00:20]} 53. Ke2 {[%emt 0:01:55]} Ra2 54. Kd3 Rd4+ {[%emt 0:01:28]} 55. Ke2 {[%emt 0:00:48]} Rxd2+ {[%emt 0:01:07]} 56. Kxd2 {[%emt 0:00:08]} Ra3 57. Ke2 Rc3 {[%emt 0:00:37]} 58. Kf2 {[%emt 0:01:22]} Kc6 {[%emt 0:00:58]} 59. Ke2 {[%emt 0:01:13]} Kc5 {[%emt 0:00:17]} 60. Kf2 {[%emt 0:00:28]} Kb4 {[%emt 0:00:31]} 61. Rb1+ {[%emt 0:00:57]} Ka3 {[%emt 0:00:17]} 62. Rb6 {[%emt 0:01:36]} Rxc2+ {[%emt 0:01:30]} 63. Ke3 {[%emt 0:00:04]} Rc3+ {[%emt 0:01:15]} 64. Ke2 {[%emt 0:00:49]} Rc2+ 65. Ke3 Rh2 {[%emt 0:04:20]} 66. Rxd6 {[%emt 0:01:02]} Rxh3 {[%emt 0:00:08]} 67. Rxf6 {[%emt 0:00:16]} Rh2 {[%emt 0:00:10]} 68. Rf5 {[%emt 0:02:11]} h3 69. Rxg5 Rh1 70. Rh5 h2 71. Kf2 1/2-1/2

[Event "XVII Profigaia Open 2017"]
[Site "Gaia"]
[Date "2017.06.15"]
[Round "3"]
[White "Oliveira, Maria Alice Ramos M"]
[Black "Guimaraes, Rui"]
[Result "0-1"]
[WhiteElo "1561"]
[BlackElo "2141"]
[Annotator "TA"]
[PlyCount "48"]
[EventDate "2017.??.??"]
[EventType "swiss"]
[EventCountry "POR"]
[SourceTitle "playchess.com"]
[Source "ChessBase"]
[SourceQuality "1"]

{[%evp 27,48,35,47,-14,-14,-30,-29,-29,-22,-29,-34,-32,-10,-66,-60,-323,-312,-1350,-901,-29992,-29993,-29994,-29995]} 1. e4 c5 2. Nf3 d6 3. d4 cxd4 4. Nxd4 Nf6 5. Nc3 a6 6. f3 e5 7. Nb3 Be6 8. Be3 Be7 9. Qd2 O-O 10. O-O-O b5 11. g4 b4 12. Nd5 Bxd5 13. exd5 a5 {[%cal Ba6a5,Ba5a4][%mdl 32]} 14. Kb1 Qc7 {LiveBook: 61 Games. B90: Sicilian Najdorf: Unusual White 6th moves, 6 Be3 Ng4 and 6 Be3 e5} (14... a4 15. Nc1 Qa5 16. g5 Nh5 17. Bh3 Na6 18. Bd7 Bd8 19. Nd3 Bb6 20. Bxb6 Qxb6 21. Bxa4 Nc5 22. Nxc5 Qxc5 23. Bb3 f5 24. Rc1 Rae8 25. c3 bxc3 26. Qxc3 Qf2 27. Rhf1 Qg2 28. Rg1 {½-½ (28) Khairullin,I (2537)-Gashimov,V (2608) Istanbul 2005}) 15. h4 ({White should try} 15. Nc5 $14) 15... a4 $11 16. Nc1 (16. Nc5 $5) 16... Ra5 {Black has an edge.} 17. Nd3 $146 ({Predecessor:} 17. Bg5 Nbd7 18. Bd3 Rc8 19. Bxf6 Nxf6 20. Be4 a3 21. Nb3 Ra4 22. g5 {0-1 (34) Dubinski,L (2182)-Kersten,U (2331) Bad Zwesten 2003}) 17... Nxd5 {[#] And now ...Rc8 would win.} 18. Nxb4 Nxb4 19. Qxb4 {Threatens to win with Bb6.} Nd7 20. g5 (20. Bd2 $11 Raa8 21. Qc4) 20... Rb8 $1 $36 {[%cal Rb8b4][%mdl 2048] Black has the initiative.} 21. Qe4 $2 {[%mdl 8192] [#]} (21. Qa3 $15) 21... d5 $1 $19 {[%mdl 512]} 22. Qf5 $2 (22. Qd3 Nc5 23. Bxc5 (23. Qxd5 $2 Rd8 $19) 23... Rxc5 24. Qd2) (22. Rxd5 Rxb2+) 22... Ba3 23. Bc1 Qc3 24. b3 axb3 {Precision: White = 10%, Black = 100%.} 0-1

[Event "XVII Profigaia Open 2017"]
[Site "Gaia"]
[Date "2017.06.15"]
[Round "3"]
[White "Da Silva, Pedro Vieira Prado"]
[Black "Andrade, Ricardo Sarmento"]
[Result "0-1"]
[WhiteElo "1521"]
[BlackElo "1754"]
[Annotator "NA RC"]
[PlyCount "54"]
[EventDate "2017.??.??"]
[EventType "swiss"]
[EventCountry "POR"]
[SourceTitle "playchess.com"]
[Source "ChessBase"]
[SourceQuality "1"]
[TimeControl "5400+30"]

1. e4 c5 2. Nf3 Nc6 3. d4 cxd4 4. Nxd4 e5 5. Nb5 d6 6. N1c3 a6 7. Na3 Be7 8. Be3 Nf6 9. f3 b5 10. Nd5 Nxd5 11. Qxd5 Bb7 12. O-O-O Qc7 13. Qd2 O-O 14. Bd3 Rfd8 15. Be2 d5 16. exd5 Nb4 17. Kb1 Bxd5 18. Bd3 Bxa2+ 19. Ka1 Be6 20. Qe2 Nxd3 21. Rxd3 Rxd3 22. cxd3 Bxa3 23. bxa3 Qc3+ 24. Qb2 Qxd3 25. Re1 Rc8 26. Re2 Qd1+ 27. Qb1 Qxe2 0-1

[Event "XVII Profigaia Open 2017"]
[Site "Gaia"]
[Date "2017.06.15"]
[Round "3"]
[White "Ribeiro, Andre Amorim"]
[Black "Silva, Joao Miguel Carvalh"]
[Result "1-0"]
[WhiteElo "1463"]
[BlackElo "1502"]
[Annotator "NA RC"]
[PlyCount "75"]
[EventDate "2017.??.??"]
[EventType "swiss"]
[EventCountry "POR"]
[SourceTitle "playchess.com"]
[Source "ChessBase"]
[SourceQuality "1"]
[TimeControl "5400+30"]

1. e4 {[%emt 0:00:00]} e5 {[%emt 0:07:06]} 2. Nf3 {[%emt 0:00:00]} Nc6 {[%emt 0:00:20]} 3. Bb5 {[%emt 0:00:00]} d6 {[%emt 0:00:21]} 4. d4 {[%emt 0:00:00]} exd4 {[%emt 0:01:03]} 5. Nxd4 {[%emt 0:00:12]} Bd7 {[%emt 0:00:31]} 6. O-O {[%emt 0:01:34]} g6 {[%emt 0:00:50]} 7. c3 {[%emt 0:05:11]} Bg7 {[%emt 0:01:27]} 8. Re1 {[%emt 0:00:49]} Nge7 {[%emt 0:03:02]} 9. Bg5 {[%emt 0:01:08]} h6 {[%emt 0:01:46]} 10. Be3 {[%emt 0:00:34]} a6 {[%emt 0:02:27]} 11. Ba4 {[%emt 0:00:52]} b5 {[%emt 0:00:29]} 12. Bc2 {[%emt 0:02:59]} Ne5 {[%emt 0:04:58]} 13. Nd2 {[%emt 0:01:25]} c5 {[%emt 0:00:28]} 14. N4f3 Bc6 {[%emt 0:02:49]} 15. Nxe5 {[%emt 0:03:34]} Bxe5 {[%emt 0:03:34]} 16. Nf3 {[%emt 0:00:13]} Bf6 {[%emt 0:00:50]} 17. Qd2 {[%emt 0:04:25]} g5 {[%emt 0:00:59]} 18. h3 {[%emt 0:00:41]} Qd7 {[%emt 0:01:28]} 19. Rad1 {[%emt 0:01:54]} Rd8 {[%emt 0:00:13]} 20. Nh2 {[%emt 0:05:50]} c4 {[%emt 0:01:07]} 21. Ng4 {[%emt 0:00:53]} Bg7 {[%emt 0:05:12]} 22. Bd4 {[%emt 0:00:05]} Bxd4 {[%emt 0:00:24]} 23. Qxd4 {[%emt 0:00:07]} Ng6 {[%emt 0:01:57]} 24. Nf6+ {[%emt 0:00:07]} Kf8 {[%emt 0:01:11]} 25. Nxd7+ {[%emt 0:00:15]} Rxd7 {[%emt 0:00:09]} 26. Qb6 {[%emt 0:00:25]} Bb7 {[%emt 0:01:15]} 27. Rxd6 {[%emt 0:00:23]} Rxd6 {[%emt 0:00:17]} 28. Qxd6+ {[%emt 0:00:11]} Kg7 {[%emt 0:00:09]} 29. Qc7 {[%emt 0:01:36]} Bc8 {[%emt 0:00:28]} 30. g3 {[%emt 0:01:26]} Bxh3 {[%emt 0:02:04]} 31. e5 {[%emt 0:00:10]} h5 {[%emt 0:00:18]} 32. Bxg6 {[%emt 0:00:12]} Kxg6 {[%emt 0:00:04]} 33. Qd6+ {[%emt 0:01:03]} Kg7 {[%emt 0:00:12]} 34. Qf6+ {[%emt 0:00:12]} Kg8 {[%emt 0:00:22]} 35. Rd1 {[%emt 0:00:24]} Kh7 {[%emt 0:00:26]} 36. Qxf7+ {[%emt 0:00:13]} Kh6 {[%emt 0:00:19]} 37. Rd6+ {[%emt 0:00:05]} Be6 {[%emt 0:00:09]} 38. Rxe6# {[%emt 0:00:14]} 1-0

[Event "XVII Profigaia Open 2017"]
[Site "Gaia"]
[Date "2017.06.15"]
[Round "3"]
[White "Coimbra, Joao Marcial Ferrei"]
[Black "Amorim, Vicente Nuno Marque"]
[Result "1/2-1/2"]
[WhiteElo "1402"]
[BlackElo "1084"]
[Annotator "NA RC"]
[PlyCount "79"]
[EventDate "2017.??.??"]
[EventType "swiss"]
[EventCountry "POR"]
[SourceTitle "playchess.com"]
[Source "ChessBase"]
[SourceQuality "1"]
[TimeControl "5400+30"]

1. c3 {[%emt 0:00:00]} e5 {[%emt 0:00:11]} 2. e4 {[%emt 0:00:00]} Nf6 {[%emt 0:00:19]} 3. d3 {[%emt 0:00:11]} d6 {[%emt 0:00:44]} 4. Be2 {[%emt 0:00:45]} Be7 {[%emt 0:00:34]} 5. Qa4+ {[%emt 0:00:22]} Bd7 {[%emt 0:00:09]} 6. Qb3 {[%emt 0:00:09]} O-O {[%emt 0:00:45]} 7. Qxb7 {[%emt 0:00:11]} Bc6 {[%emt 0:01:01]} 8. Qb3 {[%emt 0:00:17]} d5 {[%emt 0:01:47]} 9. Nf3 {[%emt 0:02:38]} dxe4 {[%emt 0:03:59]} 10. Nxe5 {[%emt 0:00:33]} exd3 {[%emt 0:00:41]} 11. Nxd3 {[%emt 0:00:32]} Bxg2 {[%emt 0:01:20]} 12. Rg1 {[%emt 0:00:17]} Be4 {[%emt 0:03:19]} 13. c4 {[%emt 0:01:27]} Kh8 {[%emt 0:01:03]} 14. Be3 {[%emt 0:00:28]} Nc6 {[%emt 0:02:22]} 15. Nd2 {[%emt 0:01:13]} Nd4 {[%emt 0:01:12]} 16. Bxd4 {[%emt 0:01:09]} Qxd4 {[%emt 0:00:26]} 17. Qc3 {[%emt 0:00:16]} Qxc3 {[%emt 0:01:05]} 18. bxc3 {[%emt 0:00:09]} Rad8 {[%emt 0:03:10]} 19. Ne5 {[%emt 0:00:56]} Bd6 {[%emt 0:00:41]} 20. f4 Rde8 {[%emt 0:05:52]} 21. Rg5 {[%emt 0:03:10]} h6 {[%emt 0:01:29]} 22. Rg3 {[%emt 0:00:46]} Bxe5 {[%emt 0:00:32]} 23. fxe5 {[%emt 0:00:08]} Rxe5 {[%emt 0:00:16]} 24. Kf2 {[%emt 0:00:46]} Bc6 {[%emt 0:02:35]} 25. Re3 {[%emt 0:00:42]} Rfe8 {[%emt 0:01:37]} 26. Rxe5 {[%emt 0:00:10]} Rxe5 {[%emt 0:03:33]} 27. Rb1 {[%emt 0:00:15]} Ne4+ {[%emt 0:01:23]} 28. Nxe4 {[%emt 0:00:21]} Bxe4 {[%emt 0:00:09]} 29. Rb8+ {[%emt 0:00:25]} Kh7 {[%emt 0:00:15]} 30. Rc8 {[%emt 0:00:13]} c6 {[%emt 0:05:13]} 31. Rc7 {[%emt 0:00:19]} a5 {[%emt 0:03:30]} 32. Rxf7 {[%emt 0:00:16]} Rf5+ {[%emt 0:00:07]} 33. Rxf5 {[%emt 0:00:46]} Bxf5 {[%emt 0:00:10]} 34. Ke3 {[%emt 0:00:05]} g5 35. Kd4 g4 36. Kc5 h5 37. Kxc6 h4 38. c5 g3 39. hxg3 hxg3 {[%emt 0:05:44]} 40. Bf3 1/2-1/2

[Event "XVII Profigaia Open 2017"]
[Site "Gaia"]
[Date "2017.06.15"]
[Round "3"]
[White "Alves, Damiao Fernando"]
[Black "Freitas, Ruben Manuel"]
[Result "0-1"]
[WhiteElo "1368"]
[BlackElo "1636"]
[Annotator "NA RC"]
[PlyCount "68"]
[EventDate "2017.??.??"]
[EventType "swiss"]
[EventCountry "POR"]
[SourceTitle "playchess.com"]
[Source "ChessBase"]
[SourceQuality "1"]
[TimeControl "5400+30"]

1. d4 {[%emt 0:00:00]} Nf6 {[%emt 0:00:16]} 2. c4 {[%emt 0:00:00]} d5 {[%emt 0:00:27]} 3. Nc3 {[%emt 0:00:39]} Bf5 {[%emt 0:03:36]} 4. Nf3 {[%emt 0:02:50]} e6 {[%emt 0:00:49]} 5. cxd5 {[%emt 0:01:12]} exd5 {[%emt 0:02:26]} 6. Qb3 {[%emt 0:02:31]} b6 {[%emt 0:05:34]} 7. Bg5 {[%emt 0:03:14]} Be6 {[%emt 0:04:24]} 8. e3 {[%emt 0:03:39]} Be7 {[%emt 0:02:29]} 9. Bb5+ {[%emt 0:01:33]} c6 {[%emt 0:00:02]} 10. Bd3 {[%emt 0:00:48]} Nbd7 {[%emt 0:01:33]} 11. O-O {[%emt 0:04:39]} O-O {[%emt 0:01:17]} 12. Rac1 {[%emt 0:01:24]} c5 {[%emt 0:00:49]} 13. dxc5 {[%emt 0:02:40]} d4 {[%emt 0:03:14]} 14. Bc4 {[%emt 0:03:52]} Bxc4 {[%emt 0:01:48]} 15. Qxc4 {[%emt 0:00:03]} dxc3 {[%emt 0:00:00]} 16. bxc3 {[%emt 0:01:26]} Rc8 {[%emt 0:02:56]} 17. c6 {[%emt 0:00:43]} Qc7 {[%emt 0:00:27]} 18. Nd4 {[%emt 0:00:16]} Ne5 {[%emt 0:00:09]} 19. Qe2 {[%emt 0:06:25]} Nxc6 {[%emt 0:00:13]} 20. Nb5 {[%emt 0:01:23]} Qe5 {[%emt 0:01:53]} 21. Bf4 {[%emt 0:00:34]} Qh5 {[%emt 0:00:23]} 22. Qb2 {[%emt 0:02:00]} a6 {[%emt 0:00:16]} 23. Nd4 {[%emt 0:00:47]} Nxd4 {[%emt 0:00:13]} 24. cxd4 {[%emt 0:00:13]} b5 {[%emt 0:00:17]} 25. Rc7 {[%emt 0:05:12]} Rxc7 {[%emt 0:00:14]} 26. Bxc7 {[%emt 0:00:07]} Qd5 {[%emt 0:02:30]} 27. a4 {[%emt 0:04:13]} Qc4 {[%emt 0:01:46]} 28. Be5 {[%emt 0:05:11]} bxa4 {[%emt 0:05:02]} 29. Qb7 {[%emt 0:03:49]} Bb4 {[%emt 0:00:49]} 30. Qf3 {[%emt 0:02:01]} Qe6 {[%emt 0:01:21]} 31. h3 {[%emt 0:02:01]} Rc8 {[%emt 0:01:55]} 32. g4 {[%emt 0:02:19]} Qc6 {[%emt 0:00:56]} 33. Qg3 {[%emt 0:01:44]} Ne4 {[%emt 0:01:04]} 34. Qh4 {[%emt 0:05:46]} Nd2 {[%emt 0:00:41]} 0-1

[Event "XVII Profigaia Open 2017"]
[Site "Gaia"]
[Date "2017.06.15"]
[Round "3"]
[White "Marrios, Ruben"]
[Black "Freitas, Ruben Manuel"]
[Result "*"]
[WhiteElo "1315"]
[BlackElo "1636"]
[Annotator "NA RC"]
[PlyCount "86"]
[EventDate "2017.??.??"]
[EventType "swiss"]
[EventCountry "POR"]
[SourceTitle "playchess.com"]
[Source "ChessBase"]
[SourceQuality "1"]
[TimeControl "5400+30"]

1. d4 {[%emt 0:00:00]} d5 2. c4 {[%emt 0:00:00]} c6 {[%emt 0:00:04]} 3. Nc3 {[%emt 0:00:00]} Nf6 {[%emt 0:00:03]} 4. e3 {[%emt 0:00:07]} e6 {[%emt 0:00:06]} 5. Nf3 {[%emt 0:00:07]} Bb4 {[%emt 0:00:24]} 6. Bd3 {[%emt 0:00:14]} dxc4 {[%emt 0:00:02]} 7. Bxc4 {[%emt 0:00:28]} O-O {[%emt 0:00:05]} 8. O-O {[%emt 0:00:22]} Bxc3 {[%emt 0:00:03]} 9. bxc3 {[%emt 0:00:12]} Nbd7 {[%emt 0:00:03]} 10. Bd3 {[%emt 0:00:20]} Re8 {[%emt 0:00:11]} 11. Qc2 {[%emt 0:00:33]} h6 {[%emt 0:00:05]} 12. Re1 {[%emt 0:00:18]} e5 {[%emt 0:00:11]} 13. e4 {[%emt 0:02:23]} c5 {[%emt 0:01:35]} 14. Bb2 {[%emt 0:00:27]} Qa5 {[%emt 0:00:21]} 15. Nd2 {[%emt 0:04:39]} Qc7 {[%emt 0:00:52]} 16. Nf3 {[%emt 0:02:17]} b6 {[%emt 0:00:19]} 17. d5 {[%emt 0:00:34]} c4 {[%emt 0:00:39]} 18. Be2 {[%emt 0:00:33]} b5 {[%emt 0:00:06]} 19. a4 {[%emt 0:00:27]} Ba6 {[%emt 0:00:10]} 20. axb5 {[%emt 0:02:16]} Bxb5 {[%emt 0:00:03]} 21. Ba3 {[%emt 0:02:03]} Nc5 {[%emt 0:00:01]} 22. Nd2 {[%emt 0:01:47]} Nd3 {[%emt 0:00:02]} 23. Reb1 {[%emt 0:03:31]} a6 {[%emt 0:01:49]} 24. Rf1 {[%emt 0:04:34]} Nd7 {[%emt 0:01:37]} 25. Nf3 {[%emt 0:01:07]} N7c5 {[%emt 0:00:59]} 26. Bxc5 {[%emt 0:02:04]} Qxc5 {[%emt 0:00:17]} 27. Nd2 {[%emt 0:01:22]} f5 {[%emt 0:04:56]} 28. Bxd3 {[%emt 0:04:49]} cxd3 {[%emt 0:00:19]} 29. Qb3 {[%emt 0:00:14]} fxe4 {[%emt 0:01:10]} 30. c4 {[%emt 0:00:13]} e3 {[%emt 0:00:36]} 31. cxb5 {[%emt 0:03:01]} exd2 {[%emt 0:00:13]} 32. bxa6 {[%emt 0:00:39]} Red8 {[%emt 0:00:30]} 33. Qxd3 {[%emt 0:02:02]} Rxd5 {[%emt 0:00:52]} 34. Qb3 {[%emt 0:01:13]} Ra7 {[%emt 0:00:34]} 35. Rfd1 {[%emt 0:02:56]} Kh8 {[%emt 0:00:13]} 36. Ra2 {[%emt 0:02:29]} Qc1 {[%emt 0:00:04]} 37. h3 {[%emt 0:01:43]} Qc6 {[%emt 0:01:02]} 38. Qb8+ {[%emt 0:01:00]} Kh7 {[%emt 0:00:29]} 39. Qxa7 {[%emt 0:00:11]} Qc4 {[%emt 0:01:17]} 40. Raa1 {[%emt 0:01:04]} Qc2 {[%emt 0:00:17]} 41. Qe3 {[%emt 0:00:32]} e4 {[%emt 0:01:16]} 42. a7 {[%emt 0:01:12]} Rd7 43. Qd3 Qxd3 *